Joueurs français passés par Leeds United - Statistiques

Statistiques générales
  • Ce quiz a été pris 38 fois
    9 depuis la dernière actualisation
  • Le résultat moyen est 2 sur 12
Statistiques - réponses
Années Matchs Nom % Correct
2019- 214 Illan Meslier
89%
2023-2024 66 Georginio Rutter
56%
1992 35 Eric Cantona
44%
2024-2025 18 Josuha Guilavogui
22%
2000-2003 82 Olivier Dacourt
22%
2003-2004 3 Cyril Chapuis
0%
2003-2004 14 Didier Domi
0%
2020 3 Jean-Kévin Augustin
0%
2005 1 Léandre Griffit
0%
1997-1998 4 Pierre Laurent
0%
2016-2017 20 Toumami Diagouraga
0%
2003-2004 15 Zoumana Camara
0%
Aucun quiz correspondant
Distribution des résultats
% des personnes avec chaque résultat
Percentile par nombre de réponses
Votre historique - résultats
Vous n’avez pas pris ce quiz depuis la dernière actualisation